• 首页
  • 本馆介绍
  • 公告通知
  • 最新文献
  • 馆藏检索
  • 电子资源
  • 读者导购
  • 参考咨询
  • 我的图书馆
  • 登录
  • 详细信息显示
  • 放入我的书架
  • 预约/预借图书
  • 作者相关作品
  • 分类相关作品
  • 丛书相关作品
  • 出版社相关作品

书目信息

  • 表格格式
  • 工作单格式
  • 卡片格式
题名:
体育教学100例
    
 
作者: 王悌福 , 刘培俊 编著
分册:  
出版信息: 上海   同济大学出版社  1985
页数: 168页
开本: 19cm
丛书名:
单 册:
中图分类: G812.5
科图分类:
主题词: 体育-教学--问答 , 教学-体育--问答
电子资源:
ISBN:
000 00698nam0 2200241 45
001 0185003521
005 20051228143751.57
010    @dCNY1.00
091    @a7335.001
100    @a19960215d1985 em y0chiy0121 ea
101 0  @achi
102    @aCN@b310000
105    @af z 000yy
200 10 @a体育教学100例@Ati yu jiao xue 100 li@f王悌福,刘培俊编著@Fwang ti fu,liu pei jun bian zhu
210    @a上海@c同济大学出版社@d1985
215    @a168页@c图@d19cm
606    @a体育-教学@x问答
606    @a教学-体育@x问答
690    @aG812.5@v3
701  0 @a王悌福@Awang ti fu@4编著
701  0 @a刘培俊@Aliu pei jun@4编著
801  0 @aCN@bNLC@c20051228
905    @f2@b136800-801@dG812.5@e13@b232766@f1
    
    体育教学100例/王悌福,刘培俊编著.-上海:同济大学出版社,1985
    168页:图;19cm
    
    
    ISBN :CNY1.00
    
●
相关链接 在E读中查询图书 在五车中查询图书 在当当中查询图书 在豆瓣中查询图书


正题名:体育教学100例     索取号:G812.5/13         预约/预借

序号 登录号 条形码 馆藏地/架位号 状态 备注
1 0136800   000997835   密集书库/ [索取号:G812.5/13] 在馆    
2 0136801   000997844   密集书库/ [索取号:G812.5/13] 在馆    
3 0232766   000997773   第一样本阅览室/ [索取号:G812.5/13] 在馆    
4 0232767   202181557   密集书库/ [索取号:G812.5/13] 在馆    
5 0232769   202181593   密集书库/ [索取号:G812.5/13] 在馆    
6 0232771   202181637   密集书库/ [索取号:G812.5/13] 在馆    
7 0232772   202181673   密集书库/ [索取号:G812.5/13] 在馆    
唐山师范学院图书馆 欢迎您!
大连网信软件有限公司© 版权所有